[Event "RUS-Cup Final"]
[Site "Sochi"]
[Date "1997.09.24"]
[Round "7"]
[White "Shcherbakov, Ruslan"]
[Black "Aleksandrov, Aleksej"]
[Result "1/2-1/2"]
[WhiteElo "2580"]
[BlackElo "2660"]
[Annotator "Ribli,Z"]
[PlyCount "114"]
[EventDate "1997.09.17"]
[EventType "tourn"]
[EventRounds "11"]
[EventCountry "RUS"]
[EventCategory "13"]
[SourceTitle "CBM 062"]
[Source "ChessBase"]
[SourceDate "1998.01.31"]
[SourceVersion "1"]
[SourceVersionDate "1998.01.31"]
[SourceQuality "1"]

1. Nf3 Nf6 2. c4 e6 3. Nc3 d5 (3... Bb4) (3... b6) (3... c5) 4. d4 Bb4 5. cxd5
exd5 6. Bg5 {Jetzt haben wir die sogenannte Ragosin-Variante des Damengambits
auf dem Brett. Die ungewönliche Entwicklung des Läufers nach b4 hat seinen
Sinn: Schwarz nimmt in vielen Stellungen auf c3 und erlangt starke Kontrolle
über das Feld e4.Ribli.} h6 7. Bh4 c5 8. e3 O-O 9. Bd3 (9. Be2 c4 10. O-O g5
11. Bg3 Bxc3 12. bxc3 Ne4 13. Rc1 Nc6 14. Nd2 Nxg3 15. hxg3 f5 16. g4 b5 {
1/2-1/2 Geller,E-Kupreichik,V/Erevan zt 1982/MCL 06 (33)}) (9. dxc5 Nbd7 10.
Rc1 (10. Be2 Bxc3+ 11. bxc3 Nxc5 12. O-O Nce4 13. Rc1 Qa5 14. Bxf6 Nxf6 15. Qb3
b6 16. Nd4 Bd7 17. Qb4 {Levin,F-Mitkov,N/Groningen op 1991/1-0 (71)}) 10... Qa5
11. Nd2 b6 12. c6 d4 13. exd4 Re8+ 14. Be2 Ba6 15. cxd7 Nxd7 16. O-O Bxc3 17.
Bxa6 Bxd2 18. Rc7 Qxa6 19. Qxd2 Re2 20. Qd1 Nf8 21. d5 {1-0 Horvath,J-Zayac,E/
Leeuwarden op 1993 (27)}) (9. Rc1) (9. Qc2) 9... c4 10. Bc2 Bg4 {Eine
interessante Idee. Schwarz verhindert das später mögliche und typische Manöver
Nd2 nebst f2-f3 mit Zentrumsvorstoß.} (10... Nbd7 11. O-O Bxc3 12. bxc3 Qa5 13.
Qc1 Re8 14. Nd2 Re6 15. a4 g6 16. Qa3 b6 17. Rfb1 Bb7 18. Qb4 Qxb4 19. Rxb4 {
1-0 Murshed,N-Mitkov,N/Moscow olm 1994/EXP 44 (38)}) 11. O-O Bxc3 {Dieser
Abtausch ist sehr charakteristisch für die Ragosin-Variante. Schwarz gibt das
Läuferpaar auf, aber er ist stark auf den weißen Feldern.} (11... Nbd7 $2 12.
Nxd5 $16) (11... Be7) (11... Nc6) 12. bxc3 Nbd7 13. Qb1 {Weiß erzwingt den
folgenden Tausch auf f3.} (13. a4) 13... Bxf3 (13... b6 $6 14. Ne5 $14 {
[%csl Gg4][%cal Gh4d8]}) (13... Qc7 $6 14. Nd2 $14) 14. gxf3 $14 {Weiß hat
Doppelbauern, aber sein Läuferpaar und der später mögliche Vorstoß im Zentrum
mit e3-e4, sowie die mögliche Turmverdoppelung in der g-Linie, bieten etwas
bessere Chancen für den Anziehenden.} Qc7 {Hier bin ich der Meinung, daß es
für Schwarz besser gewesen wäre, auf die Züge 6...h6 7.Bh4 zu verzichten, denn
die schwarze Königsstellung ist ein bißchen schwach.} 15. a4 {Ein typischer
Zug. Weiß stoppt das schwarze Spiel am Damenflügel.} Qc6 (15... a6 16. a5 b5
17. axb6 Nxb6 18. Ra5 $14 {[%csl Ga5]}) 16. Kh1 b6 17. Rg1 Qd6 18. Rg2 a6 19.
Qb2 {Weiß bereitet die Turmverdoppelung vor. Schwarz hat zwar eine solide
Stellung, ich sehe aber nicht, wie er zu aktivem Spiel kommen kann.} Kh8 20.
Rag1 Rg8 21. Qc1 {[%cal Gc1h6] Es gibt noch nichts Konkretes, aber nach
späterem e3-e4 hat Weiß taktische Motive gegen h6.} Qe6 22. Qb1 $1 {Jetzt
droht schon 23.e3-e4.} (22. e4 $2 {Das Motiv ist richtig, aber zu früh.} dxe4
23. Rxg7 Rxg7 24. Qxh6+ Rh7 $19) 22... Rae8 23. Bf5 {[%csl Gb1,Gf5,Gg1,Gg2,Gh4,
Rh8]} Qc6 24. Qc1 g6 $8 (24... Qd6 $2 25. e4 dxe4 26. Rxg7 Rxg7 27. Qxh6+ Rh7
28. Bxh7 $18) 25. e4 {Ein typischer Zentrumsvorstoß, der zu großen
Komplikationen führt.} (25. Bc2 $5 $14) (25. Bh3 $5) 25... Kh7 (25... gxf5 26.
Qxh6+ Nh7 27. Qxc6 $18) 26. Qf4 (26. Bh3 dxe4 27. fxe4 Nxe4 $17) 26... Nh5 $8
$13 (26... gxf5 27. Qxf5+ Kh8 28. e5 Nh7 29. Qxf7 $18 {Schwarz hat keine
Verteidigung.}) 27. Qg4 Ndf6 (27... Nhf6 28. Qh3 $5 $40 (28. Bxd7 Nxd7 (28...
Qxd7 $4 29. Bxf6 $18) 29. e5 Qe6 $11)) 28. Bxf6 $8 (28. Qh3 Nf4 29. Qg3 Nxg2
$19 (29... N4h5)) 28... Nxf6 29. Qf4 (29. Qh3 gxf5 30. Qxf5+ {Diese Variante
führt zur Partiefortsetzung.}) 29... gxf5 30. Qxf5+ (30. e5 $6 Rxg2 31. Rxg2
Qd7 32. exf6 Re1+ 33. Rg1 Rxg1+ 34. Kxg1 Qe6 $15) 30... Kh8 31. Qf4 (31. e5
Rxg2 32. Rxg2 Nh7 33. Qxf7 Ng5 $13) (31. exd5 Nxd5 (31... Qd6) 32. Qxf7 Rxg2
33. Rxg2 Re1+ $17) 31... Nh7 (31... Kh7 32. exd5 (32. e5 $16) 32... Qxd5 (32...
Nxd5 33. Qxf7+ $18) 33. Qxf6 Rxg2 34. Rxg2 Re1+ 35. Rg1 $16) 32. Qxf7 Rxg2 33.
Rxg2 Ng5 {Schwarz hat eine Figur für zwei Bauern, aber seine Königsstellung
ist sehr geschwächt.} 34. Qh5 (34. Qxd5 $4 Qxd5 35. exd5 Nxf3 $19 {[%csl Rh1]
[%cal Re8e1]}) 34... Rg8 35. h4 Nh7 36. Qe5+ (36. Rxg8+ Kxg8 37. exd5 Qd6)
36... Qf6 (36... Nf6 $2 37. exd5 $18) 37. Rxg8+ Kxg8 38. Qxd5+ $14 {Weiß hat
jetzt schon drei Bauern für die Figur und seine Bauernmasse ist stark. Die
schwarze Königsstellung ist schwächer als die weiße.} Qf7 39. Qa8+ (39. Qxf7+
$6 Kxf7 $15 {[%csl Ga6,Gb6]}) 39... Nf8 40. Kg2 b5 41. axb5 (41. Qxa6 bxa4 42.
Qxa4 {Das führt zu ähnlichen Stellungen wie die Partiefortsetzung.}) 41... axb5
42. Qb8 Kh7 $5 {Schwarz verteidigt nicht den Pb5, sondern befreit sich von der
Fesselung.} (42... Qd7 43. h5 $5) 43. f4 (43. Qxb5 Ng6 {[%csl Rg2,Gg6][%cal
Gg6f4,Gg6h4]}) 43... Ng6 44. f5 Nxh4+ 45. Kf1 $5 (45. Kg3 Nxf5+ 46. exf5 Qxf5
$11) 45... b4 $5 $13 {Es scheint mir, daß beide Spieler auf Gewinn spielen.}
46. cxb4 (46. Qxb4 Qg7 {[%csl Rf1][%cal Rg7g2]} 47. Qxc4 Qg2+ 48. Ke2 Qxe4+ $15
) 46... Nf3 {[%csl Rf1][%cal Rf3d2,Rd2e4,Rf3d4]} (46... c3 $5) 47. Ke2 Nxd4+
48. Ke3 Nc6 49. Qd6 {Weiß hat jetzt nur noch zwei Bauern für den Springer,
aber die schwarze Königsstellung ist so schwach, daß Schwarz nicht gewinnen
kann.} Qa7+ 50. Ke2 Nd4+ 51. Kf1 c3 52. Qg6+ $11 Kh8 53. Qxh6+ Kg8 (53... Qh7
54. Qf8+ Qg8 55. Qh6+ $11) 54. Qg6+ Kf8 55. Qh6+ Kg8 (55... Kf7 $4 56. Qh7+ $18
) (55... Ke8 56. Qh8+ Kf7 57. Qh7+ $18) 56. Qg6+ Kf8 57. Qh6+ Kg8 {Und es
wurde remis gegeben, denn Weiß hat Dauerschach. Ribli.} 1/2-1/2

[Event "RUS-Cup9"]
[Site "Novgorod"]
[Date "1997.06.16"]
[Round "5"]
[White "Tregubov, Pavel V"]
[Black "Voitsekhovsky, Stanislav"]
[Result "0-1"]
[WhiteElo "2525"]
[BlackElo "2475"]
[Annotator "Ribli,Z"]
[PlyCount "82"]
[EventDate "1997.06.11"]
[EventType "swiss"]
[EventRounds "9"]
[EventCountry "RUS"]
[SourceTitle "CBM 060"]
[Source "ChessBase"]
[SourceDate "1997.09.29"]
[SourceVersion "1"]
[SourceVersionDate "1997.09.29"]
[SourceQuality "1"]

1. d4 Nf6 2. c4 e6 3. Nf3 d5 4. Nc3 Bb4 5. cxd5 exd5 6. Bg5 Nbd7 7. Qc2 c5 8.
dxc5 Qa5 9. Bd2 {Nach meiner Meinung ist das eine chancenreiche Variante für
Weiß. Schwarz hat seine Bauernstruktur schon geschwächt, Weiß hat einen
klassische Vorteil, er kontrolliert den Punkt d4 und spielt gegen den
isolierten Bauern.} Nxc5 (9... Qxc5 10. e3 (10. a3 Bxc3 11. Qxc3 Ne4 (11... O-O
12. Qd4 a5 13. Rc1 Qxd4 14. Nxd4 b6 {1-0 Khenkin,I-Dimitrov,V/Elenite 1993 (39)
}) 12. Qxc5 Ndxc5 13. Rd1 Nxd2 14. Rxd2 Be6 15. e3 Rc8 16. Nd4 Ne4 17. Rd1 Ke7
{1/2-1/2 Kovacevic,B-Tatai,S/Formia op 1995 (29)}) 10... Ne4 (10... O-O 11. Bd3
Qe7 12. O-O Ne5 13. Nxe5 Qxe5 14. Ne2 Bd6 15. Ng3 h6 16. Rfe1 Bd7 17. Qb3 Bc6
18. Bc3 Qe6 19. Nf5 Be5 20. Bxe5 Qxe5 21. Rac1 {1-0 Lalic,B-Rosandic,D/Zagreb
Vukovar 1993 (36)}) 11. Rc1 Nxd2 12. Qxd2 O-O 13. a3 Bxc3 14. Qxc3 Qxc3+ 15.
Rxc3 Nf6 16. Nd4 Bd7 17. f3 Rfc8 18. Rxc8+ Rxc8 19. Kd2 Ne8 20. Bb5 Bxb5 21.
Nxb5 {1-0 Boensch,U-Blatny,P/BL9596 1996 (41)}) (9... Bxc5 10. Ne4 Bb4 11. Nd6+
Ke7 12. Nf5+ Kf8 13. a3 Bxd2+ 14. Nxd2 g6 15. Nd4 Kg7 16. e3 Ne5 17. b4 {
Farago,I-Sarosi,Z/HUN-chT1 1995/1/2-1/2 (58)}) (9... O-O 10. a3 Bxc3 11. Bxc3
Qxc5 12. b4 Qe7 13. Qb2 Ne8 14. e3 Nb6 15. Bd4 Bf5 16. Be2 Rc8 {Wagner,C-Orlov,
V/St.Petersburg-Paris 1996/1/2-1/2 (47)}) 10. a3 {Der Laeufer auf b4 haengt
noch nicht,aber nach folgendem 11.e3 12.Be2,und 13.0-0 kann er nicht auf b4
bleiben.Ribli.} Ne6 {Der Springer gibt Platz fuer den Laeufer,aber auf e6
steht er nicht gut.Ribli.} (10... O-O 11. Rc1 Bxc3 12. Bxc3 Qb6 13. Bxf6 Nb3
14. Bc3 Nxc1 15. Qxc1 Bf5 16. e3 {1-0 Dinstuhl,V-Bukal,V/Dortmund op-A 1993 
(27)}) (10... Bxc3 11. Bxc3 Qa4 12. Qxa4+ Nxa4 13. Bd4 b6 14. Rc1 Be6 15. e3
O-O 16. Ba6 Nd7 {1-0 Lugovoi,A-Maximenko,V/St.Petersburg op 1993 (30)}) 11. e3
(11. Rc1 Be7 12. e3 O-O 13. Bd3 Qd8 14. O-O Nc5 15. Nb5 a6 16. Nbd4 Nce4 17.
Qc7 Nxd2 18. Nxd2 Bd6 19. Qxd8 Rxd8 20. Bf5 {1-0 Kveinys,A-Stempin,P/POL-chT
Bydgoszcz 1990 (38)}) (11. O-O-O Be7 12. e4 dxe4 13. Nxe4 Qc7 14. Nxf6+ Bxf6
15. Bb5+ Bd7 16. Qxc7 Nxc7 17. Bxd7+ Kxd7 18. Bc3+ Ke7 19. Rhe1+ Ne6 20. Bb4+ {
1-0 Khenkin,I-Masternak,G/Pardubice op 1993 (40)}) (11. Rd1 Be7) 11... O-O 12.
Be2 (12. Bd3 {Dieser Zug scheint aktiver als die Partifortsetzung zu sein.} Be7
13. O-O Qb6 14. Bxh7+ Nxh7 15. Nxd5 Qd8 16. Nxe7+ Qxe7 17. Bb4 Qf6 18. Bxf8
Nhxf8 19. Rac1 Bd7 {0-1 Gonzalez Garcia,J-Arencibia,W/Capablanca mem-B 1994 
(39)}) 12... Be7 13. O-O $14 Bd7 14. Rfd1 (14. Qb3 $2 Nc5 (14... Qb6 15. Qxb6
axb6 $14) 15. Qa2 (15. Nxd5)) (14. Nb5 Qb6 15. Nbd4 Rac8 16. Qb3 (16. Bc3 Ne4)
16... Nxd4 17. Nxd4 Qxb3 18. Nxb3 Rc2 $15 {Und Schwarz hat aktives Spiel.}) (
14. Ne4 Qb6 15. Nxf6+ Bxf6 16. Bc3 Rac8 $15 {[%cal Gc8c2]}) 14... Rac8 15. Be1
(15. Qb3) 15... Qb6 16. b4 {Mit diesem Zug gewinnt Wei Raum am Damenflügel.
Die Schwächung des Felds c4 ist nicht so wichtig, da Weiß den e2-Läufer hat.}
a5 (16... Ne4 17. Qb3 Nxc3 18. Bxc3 $14) 17. Rab1 axb4 18. axb4 Rfd8 (18...
Bxb4 $2 19. Qb3) 19. Qb3 Nc7 {[%csl Rc7,Gd4,Rd5]} (19... Bc6 20. b5 $14) 20.
Nd4 {Weiß hat noch nichts Konkretes erreicht, aber er hat klares positionelles
Übergewicht erlangt. Schwarz hat kein Gegenspiel, Weiß kontrolliert das Feld
d4. Merke: es ist immer wichtig das Feld vor dem isolierten Bauern zu
kontrollieren.} Bf8 21. b5 {Dieser Zug beschraenkt die schwarze Bewegung.Der
eventuelle Plan 21...Na6 22.b5 Nc5 geht nicht mehr.Ribli.} (21. h3 {Ein
profilaktischer Zug. Weiß macht ein Schlupfloch für seinen König.}) 21... Ra8 {
[%cal Ga8a1] Der richtige Zug. Schwarz platziert seinen Turm auf der a-Linie.}
22. Na4 Qd6 23. Qc2 (23. Bb4 $5 Qxb4 24. Qxb4 Bxb4 25. Rxb4 $14) 23... Ne6 {
Das ist eine gute Idee, den schlechten c7-Springer gegen das aktive
"Reitpferd" zu tauschen.} 24. Bb4 Nxd4 25. Rxd4 Qe5 26. Bxf8 Bf5 {Ein guter
Zwischenzug .Schwarz befreit sich von dem notorisch schlechten Läufer.} (26...
Rxf8 27. Rbd1 $14) 27. Bd3 Bxd3 28. Qxd3 Kxf8 29. Nb6 {Das ist ein natürlicher
Plan für Weiß, aber nach meiner Meinung muß er zuerst seine Stellung
verbessern, und erst im allerbesten Moment diesen konkreten Zug machen.} (29.
h3 $14) 29... Ra7 30. Qc2 {Sonst kommt Schwarz mit 30...Qc7, und der Springer
muß weichen.} g6 (30... Qd6 $2 31. Nc8) (30... Rd6 $2 31. Nc8) 31. h3 Kg7 32.
Rbd1 Ra5 $11 {[%csl Rb6] Weiß hat auch seine Schwäche auf b5. Der Springer
steht unglücklich auf b6.} 33. Qc5 Ra2 $132 34. Nc4 $6 {[%cal Gc5e5]} (34. R4d2
Ne4 $5 (34... Rxd2 35. Rxd2 Ne4 36. Qd4 Qxd4 37. Rxd4 Nc3) 35. Qd4 Qxd4 36.
Rxd4 Nxf2) (34. Qb4) 34... Qf5 {[%csl Rf2][%cal Ra2f2,Rf5f2] Jetzt hängt der
Springer auf c4, und es droht 35...Qxf2.} 35. Nd2 $8 Rc8 36. Qd6 (36. Qb4 Rcc2
37. Rf1 Rab2 (37... Ne4 38. Nxe4 dxe4 {[%csl Rf2]} 39. Rxe4 Rxf2 40. Qd4+) 38.
Qa5 b6 $19) (36. Qe7) 36... Rcc2 $17 {In der ganzen Partie war der isolierte
d5-Bauer eine Schwäche. Jetzt hat das keine Bedeutung mehr. Alle schwarzen
Figuren stehen aktiv, und es gibt vielseitige Drohungen.} 37. Rf4 (37. Qg3 Rxd2
38. R4xd2 Rxd2 39. Rxd2 Ne4 40. Qc7 Nxd2 41. Qc3+ Kg8 42. Qxd2 Qb1+ 43. Kh2
Qxb5 $17) 37... Qe6 38. Qxe6 fxe6 {[%csl Rd2,Rf4] So schnell ändert sich die
Stellung auf dem Schachbrett. Es hängt der Springer auf d2, der Bauer b5 ist
schwach und der Turm auf f4 findet keinen sicheren Platz.} 39. Nb3 (39. Nf1 Ne4
$19) 39... e5 $19 40. Rf3 (40. Rb4 Rxf2 $19) 40... Rab2 41. e4 (41. Na5 Rxb5) (
41. Na1 {[%csl Ra1] Der Springer steht immer schlecht in der Ecke.} Rd2 42.
Rxd2 Rxd2 43. Nb3 Rb2 $19) 41... dxe4 {Und Weiß gab auf. Er kann nicht den
Springer und den f2 Bauern gleichzeitig halten.} 0-1

[Event "RUS-ch m1-2"]
[Site "Elista"]
[Date "1997.05.23"]
[Round "2.2"]
[White "Burmakin, Vladimir"]
[Black "Zvjaginsev, Vadim"]
[Result "0-1"]
[WhiteElo "2530"]
[BlackElo "2610"]
[Annotator "Ribli,Z"]
[PlyCount "50"]
[EventDate "1997.05.19"]
[EventType "k.o."]
[EventRounds "6"]
[EventCountry "RUS"]
[SourceTitle "CBM 059"]
[Source "ChessBase"]
[SourceDate "1997.08.01"]
[SourceVersion "1"]
[SourceVersionDate "1997.08.01"]
[SourceQuality "1"]

1. d4 d5 2. Nf3 Nf6 3. c4 e6 4. Nc3 Bb4 5. cxd5 exd5 6. Bg5 Nbd7 7. Qb3 $6 {
Das ist eine heutzutage praktisch nie gespielte Fortsetzung. Ich glaube, daß
Weiß hier etwas verwechselt hat. Wenn Schwarz 6...h6 anstelle von 6...Nbd7
zieht und dann 7.Bxf6 Qxf6 8.Qb3 folgt, ist das eine gute Alternative. In
unserer Partie steht die Dame hingegen harmlos auf b3.} (7. Qc2 $5) 7... c5 8.
dxc5 (8. e3 Qa5 9. Bxf6 Nxf6 10. a3 Ne4 11. Rc1 Bxc3+ 12. bxc3 O-O 13. Be2 c4
14. Qb4 {Peric,S-Siklosi,Z/Kecskemet op 1990/0-1 (46)}) (8. Bd2 Qa5 9. Nxd5
Bxd2+ 10. Nxd2 cxd4 11. Qb5 Qd8 12. Nxf6+ Qxf6 13. Qb4 a5 14. Qa3 Ra6 {
Bobrowska,M-Khurtsidze,N/Kishinev ztW 1995/0-1 (57)}) 8... Qa5 9. a3 $6 (9.
Bxf6 $142 Nxf6 10. a3 (10. Rc1 O-O {1/2-1/2 Subrt,J-Zvolanek,L/CZE-chT 1993})
10... Bxc3+ 11. bxc3 (11. Qxc3 Qxc3+ 12. bxc3 Ne4) 11... Qxc5 12. e3 O-O $15 {
Hier besitzt Schwarz die etwas aktivere Stellung, da Weiß eine Schwäche auf c3
hat. Trotzdem wäre das viel besser als die Partiefortsetzung.Ribli.}) 9...
Bxc3+ 10. Qxc3 (10. bxc3 Ne4 11. Qb4 Qxc5 $15 {[%csl Rc3,Ge4]}) 10... Qxc3+ 11.
bxc3 Ne4 {[%csl Rc3,Rc5,Ge4]} (11... Nxc5 12. Bxf6 gxf6 13. Nd4 Bd7 14. e3 Rg8
15. g3 Rc8 16. c4 dxc4 17. Bxc4 Ne6 18. Rc1 Nxd4 19. exd4 b5 {0-1 Gomez
Cabrero,L-Zdravkova,M/Zaragoza op-C 1995}) 12. Rd1 $6 {Mit diesem Zug gewinnt
Weiß zwar einen Bauern, verliert in tieferem Sinne aber die Partie.Ribli.} (12.
Be3 $142 $5 {Meines Erachtens kann Weiß sich nur mit diesem Zug erfolgreich
verteidigen.Ribli.} Ndxc5 (12... Nxc3 13. Bd4 {[%cal Rd4c3,Rd4g7]}) 13. Bd4 {
[%csl Gd4]}) 12... Ndxc5 13. Rxd5 Be6 $15 {[%csl Ge4] Schwarz hat einen Bauern
weniger, ist aber sehr gut entwickelt. Weiß muß sich hingegen mit vielen
Punkt- und Bauernschwächen am Damenflügel herumschlagen.Ribli.} 14. Rd4 Nxc3 {
[%csl Gc3,Gc5]} 15. e3 {[%csl Rg5] Weiß möchte seine Entwicklung beenden, aber
dafür ist es schon zu spät. Der Bg5 hängt in der Luft.Ribli.} (15. Bd2 Nb5 $5 (
15... N3e4 16. e3)) 15... Rc8 $1 16. Nd2 (16. Bc4 Bxc4 17. Rxc4 Nd3+ $17) 16...
b5 $1 {Dieser ausgezeichnete Zug vermeidet den eventuellen Tausch auf c4,
gewinnt Raum am Damenflügel und mobilisiert die schwarze Bauernmehrheit.Ribli.}
17. f3 f6 18. Bf4 Kf7 19. Kf2 a5 {Schwarz steht mit zwei ausgezeichneten
Springern und gefährlichen Bauern bedrohlich am Damenflügel, während Weiß mit
dem 20.Zug gerade einmal seine Entwicklung beendet.Ribli.} 20. Be2 a4 $17 {
[%csl Rb3]} 21. Ne4 (21. Rc1 Nb3 22. Nxb3 axb3 {[%cal Rb3b1]} 23. Rb4 Ne4+ $19
{[%cal Rc8c1]} (23... Nxe2 24. Rxc8 Rxc8 25. Kxe2 Rc2+ 26. Kf1 Bc4+ $19 {
[%csl Rb4]} (26... b2 $19))) (21. h4 Nb3 22. Nxb3 (22. Rd6 Rhd8) 22... axb3 $19
{[%cal Rb3b1]}) 21... N3xe4+ 22. fxe4 Nb3 23. Rdd1 (23. Rb4 Rc2 24. Rxb5 Rxe2+
$19) 23... Rc2 $19 {[%csl Rf4] Schwarz hat schon überzeugenden Vorteil. Die
Fesselung des Be2 ist untragbar für Weiß. Ich möchte anmerken, daß der Bf4 am
Damenflügel nicht eingreifen kann.Ribli.} 24. Bd6 Rd8 {Verbessert seine
Stellung mit einer weiteren Feßlung. Das ist ein gutes Beispiel zum Thema:
"Die Drohung ist oft stärker als ihre Ausführung."Ribli.} 25. Rhe1 (25. Bb4
Rxe2+ 26. Kxe2 Bg4+ $19) 25... Bc4 $22 (25... Bc4 26. Kf3 Rxe2 27. Rxe2 Ke6 $19
) 0-1

[Event "Moscow Aeroflot op-A"]
[Site "Moscow"]
[Date "2006.02.10"]
[Round "3"]
[White "Huzman, Alexander"]
[Black "Moiseenko, Alexander"]
[Result "1-0"]
[WhiteElo "2573"]
[BlackElo "2657"]
[Annotator "Ribli,Z"]
[PlyCount "119"]
[EventDate "2006.02.08"]
[EventType "swiss"]
[EventRounds "9"]
[EventCountry "RUS"]
[SourceTitle "CBM 112"]
[Source "ChessBase"]
[SourceDate "2006.06.07"]
[SourceVersion "1"]
[SourceVersionDate "2006.06.07"]
[SourceQuality "1"]

1. d4 Nf6 2. c4 e6 3. Nf3 d5 4. Nc3 Bb4 5. cxd5 exd5 6. Bg5 O-O {Diese
Variante ist populär in der letzten Zeit. Früher spielte man gern 6...h6 oder
6...Nbd7.} 7. e3 c5 8. Bd3 c4 9. Bxf6 $5 {Eine interessante Idee - Weiß nimmt
von selbst auf f6. Auf diese Weise muss Schwarz mit der Dame zurücknehmen, so
ist der Plan Qa5 weniger effektiv.} (9. Bb1 Bxc3+ 10. bxc3 Nbd7 11. Qc2 Qa5 12.
Nd2 Ne4 13. Nxe4 (13. Be7 Re8 14. Bb4 Qc7 15. a4 Ndf6 16. f3 Nxd2 17. Kxd2 a5
18. Ba3 Bd7 19. Qd1 Ra6 {0-1 Bobras,P-Gajewski,G/Krakow 2006/(28)}) 13... dxe4
14. Bh4 Nb6 15. O-O Re8 16. Bg3 Nd5 17. Rc1 Qa3 18. Qd2 Bf5 $15 {0-1 Moiseenko,
A-Jobava,B/Gothenburg 2005/(54)}) (9. Bc2 Nbd7 (9... h6 10. Bxf6 Qxf6 11. O-O
Bxc3 12. bxc3 Bf5 13. Rb1 b6 14. Ne5 Nd7 {1/2-1/2 Cramling,P-Khurtsidze,N/
Saint Vincent 2005/(40)}) 10. O-O Qa5 11. Ne2 Re8 12. a3 Bf8 13. h3 (13. Nd2 b5
14. Nc3 Bb7 15. Qf3 Qb6 16. Bf5 Bc6 17. Rad1 Qb7 18. Qh3 g6 19. Bb1 a5 20. f4
b4 {0-1 Simeonidis,I-Atalik,S/Antalya 2006/(32)}) 13... b5 14. Bf4 Bb7 15. Ne5
Nxe5 16. Bxe5 Qb6 17. Nc3 Ne4 18. Qg4 f6 19. Bf4 Rad8 20. f3 Nxc3 21. bxc3 {
1-0 Kursova,M-Zhao Xue/Ekaterinburg 2006/ (51)}) 9... Qxf6 10. Bb1 Bxc3+ 11.
bxc3 Nc6 (11... Bf5 $5 {Dieser Zug kommt stark in Betracht; in der Partie wird
der schwarze weißfarbige Läufer etwas passiv.}) 12. Nd2 Qe7 13. a4 f5 {Dieser
Zug ist gegen die Möglichkeit e3-e4 gerichtet und vielleicht kann Schwarz
eventuell f5-f4 ziehen.} 14. O-O b6 (14... f4 $2 15. Qh5 $18) 15. Re1 Be6 16.
f3 {[%cal Ge3e4][%mdl 32] Die weiße Strategie ist klar - er möchte e3-e4
ziehen.} Qh4 17. Nf1 (17. e4 $2 fxe4 18. fxe4 Bg4 19. Qc1 Rae8 $36) 17... Rae8
18. Ra2 {[%cal Ga2e2]} Kh8 19. Rae2 h6 20. Bc2 {[%cal Gd1b1]} Bd7 21. Qb1 Na5
22. Ng3 $14 {Alles ist vorbereitet, Weiß möchte e3-e4 ziehen.} f4 (22... g6 23.
e4 dxe4 24. fxe4 f4 25. Nf1 f3 26. g3 $16) (22... Qg5 $5) 23. exf4 Qxf4 24. Qd1
(24. Re7 $14) 24... Nb3 $6 {Mit diesem Zug opfert Schwarz einen Bauern, aber
bekommt keine Kompensation.} (24... Rxe2 25. Rxe2 Nc6 26. Bb1 $14 {[%cal Gd1c2,
Gb1h7]}) 25. Bxb3 cxb3 26. Qxb3 $16 Rxe2 27. Rxe2 Qc1+ 28. Kf2 (28. Nf1 $16)
28... Bc8 {[%cal Gc8a6,Ga6e2]} 29. Qb2 Qxb2 30. Rxb2 Bd7 31. a5 $1 bxa5 (31...
Rc8 32. axb6 axb6 33. Rxb6 Rxc3 34. Nh5 $16) 32. Rb7 Bc6 33. Rc7 (33. Rxa7 a4 (
33... Ra8 34. Rxa8+ Bxa8 35. Ke3 a4 36. Kd3 $16) 34. Ke3 $16 (34. Ra6 Ra8 35.
Rxc6 a3 36. Re6 a2 37. Re1 a1=Q 38. Rxa1 Rxa1 39. Nf5 $11)) 33... Bb5 34. Rxa7
a4 35. Ra5 Bc6 36. Ke3 Rb8 (36... Ra8 37. Rxa8+ Bxa8 38. Kd3 $16) 37. Nf5 Rb3
38. Ne7 a3 (38... Rxc3+ 39. Kd2 Rc4 40. Ng6+ Kg8 41. Ne5 {[%csl Rc4][%cal
Re5c6,Re5c4]} Rxd4+ 42. Ke3 $18) 39. Nxc6 Rxc3+ 40. Kf4 Rxc6 41. Rxa3 {[%mdl
4096] Im Turmendspiel hat Weiß einen Bauern mehr und einen aktiven König.} Rc2
42. g4 (42. Kg3 Rd2 43. Ra4 Kh7 $14) 42... Rxh2 43. Ra5 Kg8 44. Rxd5 Kf7 45.
Rd7+ Kf6 46. Rd6+ Ke7 47. Ra6 Rf2 48. Ke4 Kf7 49. f4 g6 50. Ra7+ Kf6 51. Ra6+ (
51. Rh7) 51... Kf7 52. Ra7+ Kf6 53. Rh7 Rg2 (53... Rh2 54. g5+ $18 (54. Rxh6
Rxh6 55. g5+ $18)) 54. Kf3 Rd2 55. Rxh6 Kg7 (55... Rxd4 56. f5 $18) 56. Ke3 $18
Rg2 57. g5 Rg1 58. Ke4 Re1+ 59. Kd5 Re8 60. Rh1 1-0